| 000 | 00465nam a2200097Ia 4500 | ||
|---|---|---|---|
| 008 | 170517s9999 xx 000 0 und d | ||
| 245 | _aSurviving the Cold | ||
| 300 | _aValery Malkov made the headlines when he fell out of a train in Siberia in -40 degrees Celsius wearing practically nothing, ran for 30 minutes to the next station and survived. The man said that he had gone to... | ||
| 650 | _xTechnology. | ||
| 856 | _uhttp://topdocumentaryfilms.com/surviving-cold/ | ||
| 999 |
_c335091 _d335091 |
||